Statistics for "In" Sayings #1

Click here to take the quiz!

General Stats

  • This quiz has been taken 9,068 times
  • The average score is 17 of 22

Answer Stats

Hint IN Answer % Correct
On the beach, I found a message...in abottle
96%
He's a pain...in theneck
95%
I have butterflies...in mybelly / stomach
92%
No one mentioned the elephant...in theroom / corner
92%
He hit a hole...inone
89%
You can visit me once...in awhile / blue moon
88%
They are a match made...inheaven / hell
88%
That comment was tongue...incheek
85%
She froze like a deer...in theheadlights
85%
Finding a good wife is like searching for a needle...in ahaystack
85%
Your donation is a drop...in thebucket / ocean
84%
He said, I'm a thorn...in hisside / flesh
82%
Never look a gift horse...in themouth
81%
I've got a lump...in mythroat
79%
You are just a cog...in thewheel / machine / system
76%
My guess was a shot...in thedark
76%
You can't put a round peg...in asquare hole
66%
Hubris was the chink...in hisarmour
66%
She has a bee...in herbonnet
63%
You are a riddle wrapped...in an/aenigma / mystery
52%
His so-called friends left him twisting...in thewind
43%
The politician promised a chicken...in everypot
31%

Score Distribution

Percentile by Number Answered

Percent of People with Each Score

Your Score History

You have not taken this quiz